Asamiya sanskritir sambhar (Record no. 2341)

MARC details
000 -LEADER
fixed length control field 00456cam a2200181ua 4500
008 - FIXED-LENGTH DATA ELEMENTS--GENERAL INFORMATION
fixed length control field 200819n ii |||gr||||Z||||||asm
040 ## - CATALOGING SOURCE
Transcribing agency MAIN
082 ## - DEWEY DECIMAL CLASSIFICATION NUMBER
Classification number 398.09145
100 ## - MAIN ENTRY--PERSONAL NAME
Personal name Sharma, Mrigen,
245 ## - TITLE STATEMENT
Title Asamiya sanskritir sambhar
Statement of responsibility, etc. by Mrigen Sharma
250 ## - EDITION STATEMENT
Edition statement 1st.
260 ## - PUBLICATION, DISTRIBUTION, ETC.
Place of publication, distribution, etc. Guahati:
Name of publisher, distributor, etc. Secretary publication board assam,
Date of publication, distribution, etc. 2008.
300 ## - PHYSICAL DESCRIPTION
Extent 334p:
Dimensions 23cm.
942 ## - ADDED ENTRY ELEMENTS (KOHA)
Koha item type Books
653 ## - INDEX TERM--UNCONTROLLED
Uncontrolled term Folklore
653 ## - INDEX TERM--UNCONTROLLED
Uncontrolled term Assamese Culture
Holdings
Withdrawn status Lost status Damaged status Not for loan Home library Current library Shelving location Date acquired Total Checkouts Full call number Barcode Date last seen Date last checked out Copy number Price effective from Koha item type
        Naharkatiya College Library Naharkatiya College Library General Stacks 19/09/2020 2 398.09145 | SHA 18826 24/09/2024 18/09/2024 1 19/09/2020 Books
        Naharkatiya College Library Naharkatiya College Library General Stacks 19/09/2020 3 398.09145 | SHA 26033 18/09/2024 11/09/2024 2 19/09/2020 Books

Naharkatiya College © 2020. All rights reserved.

Powered By